Statistics for Movie Quotes by Actor

Click here to take the quiz!

General Stats

  • This quiz has been taken 22,587 times
  • The average score is 13 of 20

Answer Stats

QuoteActor% Correct
Hasta la vista, baby.Arnold Schwarzenegger
95%
My momma always said life was like a box of chocolates. You never
know what you're gonna get.
Tom Hanks
88%
Good morning, Vietnam!Robin Williams
80%
I'm the king of the world!Leonardo DiCaprio
77%
They may take our lives, but they’ll never take…OUR FREEDOM!Mel Gibson
71%
I pity the fool.Mr. T
70%
I ate his liver with some fava beans and a nice chianti.Anthony Hopkins
69%
Shall we shag now, or shall we shag later?Mike Myers
69%
Go ahead, make my day.Clint Eastwood
68%
You can't handle the truth!Jack Nicholson
66%
Why so serious?Heath Ledger
66%
Say hello to my little friend.Al Pacino
66%
I’m gonna make him an offer he can't refuse.Marlon Brando
58%
Toto, I've a feeling we're not in Kansas any more.Judy Garland
58%
Mrs. Robinson, you're trying to seduce me .Dustin Hoffman
56%
Here’s looking at you, kid.Humphrey Bogart
48%
Greed, for lack of a better word, is good.Michael Douglas
46%
Frankly, my dear, I don’t give a damn.Clark Gable
43%
You had me at hello.Renee Zellweger
43%
Was it over when the Germans bombed Pearl Harbor?John Belushi
19%

Score Distribution

Percentile by Number Answered

Percent of People with Each Score

Your Score History

You have not taken this quiz